Top 10 Jetpunk Quizzes - Statistics

General Stats
  • This quiz has been taken 5 times
  • The average score is 2 of 10
Answer Stats
Ranking Answer % Correct
1 Countries of the World Quiz
100%
2 US States Quiz
60%
10 Europe Map Quiz
40%
5 World Capitals Quiz
20%
8 All 1M Cities by Proximity
0%
9 Biggest Countries by Population Quiz
0%
3 Countries of Africa with an Empty Map
0%
7 Countries of the World with an Empty Map
0%
4 Periodic Table of Elements
0%
6 World Map without 12 Countries
0%
No matching quizzes found
Score Distribution
Percent of People with Each Score
Percentile by Number Answered
Your Score History
You have not taken this quiz